000 00942nam a2200265 i 4500
001 8482
003 ES-MaACL
005 20230906145451.0
007 t|
008 920625s1991 sp ||||1| spa d
020 _a84-505-9888-5
080 _a338.011:35(46)
080 _a35(46):338.011
100 1 _aBeltrán, Miguel.
_927347
245 1 3 _aLa Productividad de la Administración española
_b: un análisis comparativo /
_cpor Miguel Beltrán.
260 _aMadrid :
_bInstituto de Estudios de Prospectiva,
_cD.L. 1991.
300 _aXXVI, 199 p. ;
_c24 cm.
490 1 _aInformes del Instituto de Estudios de Prospectiva ;
_v7
504 _aBibliogr.: p. 195-199.
651 4 _aEspaña-
_xAdministración-
_xProductividad.
_98162
710 2 _aInstituto de Estudios de Prospectiva (Madrid)
_94897
830 0 _aInformes del Instituto de Estudios de Prospectiva ;
_v7
_9178147
852 _aES-MaACL
_jL-15831
999 _c8482
_d8482